[Event "Berliner Sommer"]
[Site "Berlin"]
[Date "1992.??.??"]
[Round "?"]
[White "Eingorn, Vereslav S"]
[Black "Shipov, Sergei"]
[Result "1-0"]
[WhiteElo "2590"]
[BlackElo "2490"]

1.d4 Nf6 2.Nf3 e6 3.c4 b6 4.g3 Ba6 5.b3 d5 6.cxd5 exd5 7.Bg2 Bb4+ 8.Bd2 Bd6
9.Nc3 O-O 10.O-O Re8 11.Rc1 Nbd7 12.Re1 c6 13.Qc2 Rc8 14.e4 Nxe4 15.Nxe4 dxe4
16.Rxe4 c5 17.Rxe8+ Qxe8 18.Re1 Qd8 19.Bg5 Qc7 20.dxc5 Qxc5 21.Qxc5 Nxc5
22.Bh3 Ra8 23.Nd4 Bb7 24.Bg2 Bxg2 25.Kxg2 a6 26.Nf5 Bf8 27.Ne7+ Kh8 28.Nd5 b5
29.Rc1 f6 30.Be3 Nd3 31.Rd1 Nb4 32.Nc7 Rc8 33.Ne6 Kg8 34.a4 bxa4 35.bxa4 Be7
36.Rd7 Kf7 37.Nxg7 Nd5 38.Rxd5 Kxg7 39.Rd7 Kf7 40.Ra7 Rc6 41.a5 Ke6 42.Bb6 Bc5
43.Rxa6 Kf5 44.Ra7 Bxb6 45.axb6 Kg6 46.b7 Rb6 47.Kf3 h5 48.Ke4 Rb2 49.h3 Re2+
50.Kd5 Rd2+ 51.Kc6  1-0

[Event "Berliner Sommer"]
[Site "Berlin"]
[Date "1992.??.??"]
[Round "?"]
[White "Roeder, Mathias"]
[Black "Aseev, Konstantin N"]
[Result "0-1"]
[WhiteElo "2395"]
[BlackElo "2550"]

1.d4 Nf6 2.c4 e6 3.Nf3 b6 4.g3 Ba6 5.b3 Bb4+ 6.Bd2 Be7 7.Bg2 d5 8.cxd5 exd5
9.O-O O-O 10.Bf4 Bb7 11.Qc2 Na6 12.Nc3 Re8 13.Qb2 Qc8 14.Rfd1 Qe6 15.Rac1 h6
16.a3 c5 17.Be3 Ne4 18.Ne1 Bf6 19.Nxe4 dxe4 20.Qb1 cxd4 21.Bxd4 Bxd4 22.Rxd4 Nc5
23.Rc3 Qe5 24.Nc2 Ne6 25.e3 Nxd4 26.exd4 Qd6 27.Qd1 Rac8 28.Re3 Rc7 29.Re2 Rc3
30.b4 Rec8 31.h4 Ba6 32.Bxe4 Bxe2 33.Qxe2 Qe6 34.d5 Rxc2 35.Qxc2 Rxc2 36.dxe6 Rc1+
37.Kg2 fxe6 38.b5 Ra1 39.Bd3 Rxa3 40.Bc4 Kf7 41.f4 Rc3 42.Be2 e5 43.fxe5 Ke6
44.Kh3 Kxe5 45.Kg4 Ke4 46.Kh5 Rxg3 47.Bc4 Kd4 48.Be2 g5  0-1

[Event "Bern op"]
[Site "Bern"]
[Date "1992.??.??"]
[Round "7"]
[White "Barlov, Dragan"]
[Black "Csom, Istvan"]
[Result "0-1"]
[WhiteElo "2460"]
[BlackElo "2490"]

1.d4 Nf6 2.c4 e6 3.Nf3 b6 4.g3 Ba6 5.Qb3 Nc6 6.Nbd2 Na5 7.Qa4 Bb7 8.Bg2 c5
9.dxc5 bxc5 10.O-O Be7 11.Re1 O-O 12.e4 d6 13.e5 Bc6 14.Qc2 dxe5 15.Nxe5 Bxg2
16.Kxg2 Qb6 17.Ndf3 Nc6 18.Bd2 Nxe5 19.Nxe5 Rfd8 20.Bc3 Rd6 21.Qe2 Qb7+ 22.Qf3 Qxf3+
23.Kxf3 Rc8 24.Ke3 Ne8 25.Ke2 f6 26.Nd3 Kf7 27.Kd2 Ra6 28.Kc2 Nd6 29.b3 Nf5
30.g4 Nh4 31.f4 h5 32.h3 Rd8 33.Re3 Rh8 34.a4 hxg4 35.hxg4 Ng6 36.Rae1 Rh2+
37.R1e2 Rxe2+ 38.Rxe2 Bd6 39.f5 exf5 40.gxf5 Ne7 41.Rf2 Rc6 42.Rf3 Rc8 43.Nf2 Re8
44.Kd3 Nc6 45.Ne4 Bf8 46.Rf2 Rd8+ 47.Kc2 Be7 48.Re2 Rd7 49.Nf2 Bd6 50.Rd2 Ne7
51.Ne4 Nxf5 52.Nxc5 Rc7 53.Ne4 Be7 54.Ba5 Rb7 55.Kc3 Ke6 56.b4 Rd7 57.Re2 Kf7
58.c5 Rd5 59.Kc4 Re5 60.Ng5+ Ke8 61.Rxe5 fxe5 62.Kd5 Bxg5 63.Kxe5 Ne7 64.b5 Kd7
65.Bb4 Bf6+ 66.Ke4 g6 67.a5 a6 68.c6+ Nxc6 69.bxa6 Bd4 70.Bd2 Ke6 71.Bf4 Ba7
72.Bc7 Nb4 73.Bd8 Nxa6 74.Kf4 Bb8+ 75.Kg4 Bc7 76.Bg5 Bxa5 77.Be3 Bd8 78.Bd2 Nc5
79.Be3 Nd3 80.Bd2 Ne5+ 81.Kf4 g5+ 82.Ke4 Bf6 83.Bc1 Nc4 84.Bxg5 Bxg5 85.Kf3 Kf5
86.Kg2 Ke4 87.Kg3  0-1

[Event "Biel op"]
[Site "Biel"]
[Date "1992.??.??"]
[Round "4"]
[White "Mozny, Milos"]
[Black "Cebalo, Miso"]
[Result "1/2-1/2"]
[WhiteElo "2425"]
[BlackElo "2500"]

1.d4 Nf6 2.c4 e6 3.Nf3 b6 4.g3 Ba6 5.Nbd2 Bb7 6.Bg2 c5 7.e4 cxd4 8.e5 Ng4
9.O-O Nc6 10.h3 Nh6 11.Nb3 Nf5 12.Nbxd4 Ncxd4 13.Nxd4 Bxg2 14.Kxg2 Nxd4 15.Qxd4 Qc7
16.Qe4 Rc8 17.b3 Qc6 18.Qxc6 Rxc6 19.Be3 Bb4 20.Rad1 Ke7 21.Rd3 Rb8 22.Rfd1 Rb7
23.Bd2 Bxd2 24.R1xd2 Rc5 25.f4 f6 26.Re3 a6 27.a4 b5 28.cxb5 axb5 29.a5 b4
30.a6 Ra7 31.Ra2 Rc6 32.Re4 Raxa6 33.Rxa6 Rxa6 34.Rxb4 Ra1 35.Kf2 h5 36.h4 Rb1
37.Rb5 fxe5 38.fxe5 Kf7 39.Kf3 Kg6 40.Kf4 Rf1+ 41.Ke4 Rg1  1/2-1/2

[Event "Biel op"]
[Site "Biel"]
[Date "1992.??.??"]
[Round "4"]
[White "Polaczek, Richard"]
[Black "Sokolov, Andrei"]
[Result "0-1"]
[WhiteElo "2415"]
[BlackElo "2605"]

1.d4 Nf6 2.c4 e6 3.Nf3 b6 4.g3 Ba6 5.b3 Bb7 6.Bg2 Bb4+ 7.Bd2 a5 8.O-O O-O
9.Nc3 d5 10.cxd5 exd5 11.Qc2 Re8 12.Bg5 Nbd7 13.Bh3 Bxc3 14.Qxc3 Rxe2 15.Rac1 c6
16.Bxd7 Qxd7 17.Ne5 Qf5 18.Bxf6 gxf6 19.Nd3 Qf3 20.Nf4 Qxc3 21.Rxc3 Rxa2
22.Nh5 Re2 23.Nxf6+ Kg7 24.Nd7 Rae8 25.Nxb6 Rd2 26.Nd7 Rxd4 27.Ra1 Rd2 28.Rxa5 Bc8
29.Nb6 Bh3 30.Ra1 Re6 31.g4 Bxg4 32.Rg3 Rg6 33.Kg2 Bf5 34.Rxg6+ hxg6 35.Rc1 Be4+
36.Kf1 Bf3 37.Nd7 f6 38.b4 Rb2 39.Nb8 c5  0-1

[Event "Bled op"]
[Site "Bled"]
[Date "1992.??.??"]
[Round "4"]
[White "Tratar, Marko"]
[Black "Grosar, Aljosa"]
[Result "1/2-1/2"]
[WhiteElo "2335"]
[BlackElo "2455"]

1.d4 Nf6 2.c4 e6 3.Nf3 b6 4.g3 Ba6 5.b3 Bb4+ 6.Bd2 Be7 7.Bg2 Bb7 8.O-O O-O
9.Nc3 d5 10.cxd5 exd5 11.Bf4 Na6 12.Qd2 Qd7 13.Rfd1 Rfd8 14.Qb2 h6 15.Ne5 Qe6
16.Rac1 c5 17.Be3 Ne4 18.Nd3 g5 19.Nxe4 dxe4 20.dxc5 bxc5 21.Qe5 Qxe5 22.Nxe5 Rxd1+
23.Rxd1 Rd8 24.Rxd8+ Bxd8 25.Nc4 Be7 26.a3 f5 27.f3 Nc7 28.fxe4 fxe4 29.Nd2 Nd5
30.Bxe4 Nxe3 31.Bxb7 Kf7 32.a4 Bf6 33.Kf2 Ng4+ 34.Kg2 Bd4 35.h3 Ne5 36.Ne4 Ke6
37.Bc8+ Ke7 38.Ba6 Be3 39.Nc3 Bd2 40.Nb5 Nc6 41.Bb7 Nd4 42.Nxd4 cxd4 43.Kf3 h5
44.Ke4 Be3 45.h4 gxh4 46.gxh4 Bf2 47.b4 Kd6 48.Kd3 Ke5 49.a5 Bxh4 50.b5 Be1
51.b6 a6 52.Bxa6 Bxa5 53.b7 Bc7 54.Bb5 h4 55.Bc6 h3 56.Kc4 Bb8 57.Bh1  1/2-1/2

[Event "Bled op"]
[Site "Bled"]
[Date "1992.??.??"]
[Round "6"]
[White "Farago, Ivan"]
[Black "Podlesnik, Bogdan"]
[Result "1-0"]
[WhiteElo "2520"]
[BlackElo "2370"]

1.d4 Nf6 2.c4 e6 3.Nf3 b6 4.g3 Ba6 5.b3 d5 6.Bg2 dxc4 7.Ne5 Bb4+ 8.Kf1 Bd6
9.Nxc4 Nd5 10.Bb2 Nc6 11.Bf3 O-O 12.Kg2 b5 13.Nxd6 cxd6 14.Nc3 Nxc3 15.Bxc3 Bb7
16.d5 Ne7 17.dxe6 Bxf3+ 18.exf3 fxe6 19.Re1 Nd5 20.Qd4 Qf6 21.Qxd5 exd5 22.Bxf6 Rxf6
23.Rad1 Rc8 24.Rxd5 a6 25.Re7 Rc2 26.a4 Rc5 27.Rd4 Kf8 28.Rd7 Rc3 29.R4xd6 Rcxf3
30.Rxf6+ Rxf6 31.axb5 axb5 32.b4 Rf5 33.f4 g5 34.fxg5 Rxg5 35.Rxh7 Rg4 36.Rh4 Rg5
37.Rf4+ Kg7 38.h4 Rd5 39.Rg4+  1-0

[Event "Brno"]
[Site "Brno"]
[Date "1992.??.??"]
[Round "8"]
[White "Ftacnik, Lubomir"]
[Black "Bischoff, Klaus"]
[Result "1/2-1/2"]
[WhiteElo "2535"]
[BlackElo "2510"]

1.d4 Nf6 2.c4 e6 3.Nf3 b6 4.g3 Ba6 5.Nbd2 Bb7 6.Bg2 Be7 7.O-O O-O 8.b3 c5
9.e3 d6 10.Bb2 Nbd7 11.Qe2 Qc7 12.e4 cxd4 13.Nxd4 a6 14.f4 Rfe8 15.Rae1 Nf8
16.e5 N6d7 17.Bxb7 Qxb7 18.exd6 Bxd6 19.Ne4 Bb4 20.Qf3 Nc5 21.Nc6 Nxe4 22.Nxb4 f5
23.Nd3 Nd7 24.Rd1 Ndc5 25.Nxc5 bxc5 26.Rd3 Red8 27.Rfd1 Qe7 28.Qe2 Rxd3 29.Qxd3 Ra7
30.g4 Qh4 31.Qd8+ Qxd8 32.Rxd8+ Kf7 33.g5 a5 34.Be5 h6 35.gxh6 gxh6 36.Rh8 Kg6
37.Re8 Kf7 38.Rh8 Kg6 39.Re8 Kf7 40.Rh8  1/2-1/2

[Event "Bucharest-B"]
[Site "Bucharest"]
[Date "1992.??.??"]
[Round "?"]
[White "Itkis, Boris"]
[Black "Nevednichy, Vladislav"]
[Result "1/2-1/2"]
[WhiteElo "2450"]
[BlackElo "2455"]

1.d4 Nf6 2.Nf3 e6 3.c4 b6 4.g3 Ba6 5.b3 Bb4+ 6.Bd2 Be7 7.Bg2 c6 8.O-O O-O
9.Bc3 d5 10.Nbd2 Nbd7 11.Re1 c5 12.e4 dxe4 13.Ng5 cxd4 14.Bxd4 Bb7 15.Ndxe4 Nxe4
16.Nxe4  1/2-1/2

[Event "Budapest GM"]
[Site "Budapest"]
[Date "1992.??.??"]
[Round "?"]
[White "Hoffmann, Michael"]
[Black "Horvath, Csaba"]
[Result "1-0"]
[WhiteElo "2455"]
[BlackElo "2485"]

1.d4 Nf6 2.c4 e6 3.Nf3 b6 4.g3 Ba6 5.Qa4 Bb7 6.Bg2 c5 7.dxc5 bxc5 8.O-O Be7
9.Nc3 O-O 10.Rd1 Qb6 11.Bf4 d6 12.Rd2 Nc6 13.Bxd6 Bxd6 14.Rxd6 Qxb2 15.Rb1 Qxc3
16.Rxb7 Nd4 17.Qd1 Rad8 18.Rxd8 Rxd8 19.Nxd4 cxd4 20.Rxa7 Qxc4 21.Qa4 Qc1+
22.Bf1 g6 23.Qa5 Rb8 24.Ra8 Rxa8 25.Qxa8+ Kg7 26.a4 e5 27.a5 e4 28.Qd8 d3
29.exd3 e3 30.fxe3 Qxe3+ 31.Kg2 Ng4 32.Qb6 Qd2+ 33.Kh3 h5 34.Bg2 Nf2+ 35.Kh4 g5+  1-0

[Event "Spring op"]
[Site "Budapest"]
[Date "1992.??.??"]
[Round "?"]
[White "Teske, Henrik"]
[Black "Stajcic, Nikola"]
[Result "1-0"]
[WhiteElo "2455"]
[BlackElo "2320"]

1.d4 Nf6 2.c4 e6 3.Nf3 b6 4.g3 Ba6 5.b3 Bb7 6.Bg2 Bb4+ 7.Bd2 a5 8.O-O O-O
9.Nc3 d5 10.cxd5 exd5 11.Rc1 Re8 12.Bf4 Na6 13.Ne5 Ne4 14.Nxe4 dxe4 15.Nc6 Qd7
16.Nxb4 axb4 17.Qd2 Bd5 18.Rc2 Ra7 19.Rfc1 c6 20.h3 h6 21.Kh2 Rea8 22.g4 b5
23.Bg3 Nc7 24.Rb2 Ne6 25.Rcc2 Qe7 26.Qe3 Ng5 27.Bf4 f6 28.Bg3 Re8 29.h4 Nf7
30.Qf4 Ra6 31.f3 e3 32.Qc7 Qe6 33.Be1 Re7 34.Qg3 f5 35.Bxb4 Re8 36.Bh3 Qf6
37.gxf5 Kh7 38.Rb1 Rg8 39.Rg1 Raa8 40.Qf4 Rge8 41.Rg6 Qd8 42.f6 Rg8 43.Bf5 Kh8
44.Be7 Qb8 45.fxg7+  1-0

[Event "Budapest GM"]
[Site "Budapest"]
[Date "1992.??.??"]
[Round "?"]
[White "Horvath, Jozsef"]
[Black "Tunik, Gennady"]
[Result "1/2-1/2"]
[WhiteElo "2480"]
[BlackElo "2450"]

1.d4 Nf6 2.c4 e6 3.Nf3 b6 4.g3 Ba6 5.b3 Bb4+ 6.Bd2 Be7 7.Bg2 c6 8.Bc3 d5
9.Nbd2 O-O 10.Ne5 Nfd7 11.Nd3 Nf6 12.e4 Nbd7 13.O-O Rc8 14.Re1 c5 15.exd5 exd5
16.dxc5 Nxc5 17.Nb4 Bb7 18.cxd5 Nd3 19.Nxd3 Rxc3 20.Nf4 Bd6 21.Nh5 Nxh5 22.Qxh5 Rc2
23.Ne4 h6 24.Qf5 Rc7 25.Rad1 Bc8 26.Qh5 Bb4 27.d6 Rd7 28.Re3 f5 29.Nc3 Bxc3
30.Rxc3 Rxd6 31.Re1 Rd2 32.Rce3 Qd4 33.R3e2 Ba6 34.Rxd2 Qxd2 35.Qd1 Qxd1
36.Rxd1 Rc8 37.h4 Rc7 38.Rd5 Bc8 39.Bh3 Rc1+ 40.Kh2 Rc2 41.Kg1 Be6 42.Re5 Kf7
43.Bxf5 Bxf5 44.Rxf5+ Ke6 45.Rf8 Rxa2 46.Rg8 Kf7 47.Rb8 h5 48.Kg2 Ra3 49.Rb7+ Kf6
50.b4 g6 51.f3 Ra4 52.b5 Ra5 53.Kf2 Rxb5 54.Rxa7 Re5 55.Rb7 Re6 56.g4 hxg4
57.fxg4 Ke5 58.Kg3 Rc6 59.h5 gxh5 60.gxh5 Kf5  1/2-1/2

[Event "Multicoop op"]
[Site "Budapest"]
[Date "1992.??.??"]
[Round "2"]
[White "Burmakin, Vladimir"]
[Black "Blasovszky, Istvan"]
[Result "1/2-1/2"]
[WhiteElo "2330"]
[BlackElo "2265"]

1.d4 Nf6 2.c4 e6 3.Nf3 b6 4.g3 Ba6 5.Qa4 Be7 6.Bg2 O-O 7.Nc3 c6 8.O-O d5
9.Ne5 b5 10.cxb5 cxb5 11.Qd1 b4 12.Na4 Nfd7 13.Nd3 Nc6 14.e3 Qa5 15.b3 Rac8
16.Re1 Bb5 17.Nab2 Rc7 18.Bd2 Qa6 19.Bf1 Rfc8 20.Qe2 Qb7 21.Rec1 e5 22.dxe5 Ncxe5
23.Qd1 a5 24.Rxc7 Rxc7 25.Rc1 Rxc1 26.Bxc1 Bc6 27.Ne1 Bf6 28.Nc2 Nc5 29.Nd4 Bd7
30.Qc2 Ne6 31.Bg2 g6 32.Qd1 Nc5 33.Qc2 Ne4 34.Nd1 Nc6 35.Nxc6 Qxc6 36.Qxc6 Bxc6
37.f3 Nc3 38.Nxc3 Bxc3 39.Kf2 Kf8 40.Ke2 Bb5+ 41.Kd1 Bd3 42.f4 d4 43.exd4 Bxd4
44.a3 Ke7 45.axb4 axb4 46.Kd2 Bf5 47.Bd5 f6 48.Ke2 Kd6 49.Bg8 h6 50.Kf3 Bc2
51.g4 Kc5 52.h3 Bd1+  1/2-1/2

[Event "Donau Cup op"]
[Site "Budapest"]
[Date "1992.??.??"]
[Round "4"]
[White "Sinkovics, Peter"]
[Black "Kaiumov, Dmitry D"]
[Result "1/2-1/2"]
[WhiteElo "2325"]
[BlackElo "2395"]

1.d4 Nf6 2.c4 e6 3.Nf3 b6 4.g3 Ba6 5.b3 Bb4+ 6.Bd2 Be7 7.Bg2 c6 8.Bc3 d5
9.Ne5 Nfd7 10.Nxd7 Nxd7 11.Nd2 O-O 12.O-O Rc8 13.e4 c5 14.exd5 exd5 15.dxc5 dxc4
16.c6 cxb3 17.Re1 Bb5 18.axb3 Bxc6 19.Bxc6 Rxc6 20.Rxa7 Nf6 21.Nc4 Qxd1 22.Rxd1 Bc5
23.Raa1 b5 24.Bxf6 bxc4 25.Bd4 Bxd4 26.Rxd4 cxb3 27.Rb4 Rc3 28.Rb1  1/2-1/2

[Event "Donau Cup op"]
[Site "Budapest"]
[Date "1992.??.??"]
[Round "6"]
[White "Kallai, Gabor"]
[Black "Kaiumov, Dmitry D"]
[Result "0-1"]
[WhiteElo "2455"]
[BlackElo "2395"]

1.d4 Nf6 2.c4 e6 3.Nf3 b6 4.g3 Ba6 5.Qa4 Bb7 6.Bg2 c5 7.dxc5 bxc5 8.O-O Be7
9.Nc3 O-O 10.Rd1 d6 11.Bf4 a6 12.Rd2 Qc7 13.Rad1 Rd8 14.e4 Nc6 15.h3 h6 16.Be3 e5
17.Nh4 Nd4 18.Nf5 Bf8 19.Nd5 Nxd5 20.cxd5 Bc8 21.g4 Bd7 22.Qa3 Rdb8 23.b3 Kh7
24.Qc1 Qd8 25.f4 a5 26.fxe5 dxe5 27.Bxd4 cxd4 28.Bf1 g6 29.Ng3 Be7 30.Rf2 Be8
31.Qb2 Bg5 32.Kh1 a4 33.Bc4 axb3 34.axb3 Ra7 35.Rdf1 Kg8 36.Qe2 Rba8 37.Qf3 Be3
38.Re2 Bf4 39.Rg2 Ra1 40.Ne2 Rxf1+ 41.Qxf1 Be3 42.Qf3 Kg7 43.Kh2 Ra1 44.Qg3 Qf6
45.h4 Bf4 46.Nxf4 exf4 47.Qf2 f3 48.Rg1 Ra2  0-1

[Event "Donau Cup op"]
[Site "Budapest"]
[Date "1992.??.??"]
[Round "11"]
[White "Farago, Sandor"]
[Black "Csom, Istvan"]
[Result "0-1"]
[WhiteElo "2385"]
[BlackElo "2490"]

1.d4 Nf6 2.c4 e6 3.Nf3 b6 4.g3 Ba6 5.Qc2 Bb7 6.Bg2 c5 7.dxc5 bxc5 8.O-O Be7
9.Nc3 O-O 10.b3 d6 11.Bb2 a6 12.e4 Qc7 13.Rad1 Nc6 14.Rfe1 Rfe8 15.Qe2 Nd7
16.Qd2 Rad8 17.h4 Nde5 18.Ne2 Bf6 19.Nh2 Nd7 20.Bxf6 Nxf6 21.Qb2 Qb6 22.Rd2 e5
23.Nc3 Nd4 24.Rb1 Bc6 25.a3 Rb8 26.b4 Qc7 27.Qa2 Rb6 28.Rdb2 Reb8 29.bxc5 dxc5
30.Nf1 R8b7 31.Ne3 Qb8 32.Rxb6 Rxb6 33.Rxb6 Qxb6 34.Ned5 Nxd5 35.exd5 Bd7
36.Kh2 g6  0-1

[Event "Buehl rapid"]
[Site "Buehl"]
[Date "1992.??.??"]
[Round "4"]
[White "Schuh, Hubert"]
[Black "Chuchelov, Vladimir"]
[Result "0-1"]
[WhiteElo "2350"]
[BlackElo "2490"]

1.d4 Nf6 2.Nf3 e6 3.c4 b6 4.g3 Ba6 5.b3 Bb4+ 6.Bd2 Be7 7.Bg2 Bb7 8.Nc3 Na6
9.O-O O-O 10.Bf4 d5 11.Ne5 Qc8 12.cxd5 exd5 13.Rc1 Rd8 14.Qc2 c5 15.Nb5 Nb4
16.Qb1 a6 17.Nc3 Qe6 18.Be3 Rac8 19.Rfd1 h6 20.h3 Nc6 21.Nf3 Nb8 22.Ne5 Nc6
23.Nf3 Nb8 24.Ne5 b5 25.Nd3 c4 26.bxc4 Rxc4 27.Ne5 Rcc8 28.Na4 Ba8 29.Nb2 Ne4
30.Qd3 Nd7 31.Nxd7 Qxd7  0-1

[Event "Buenos Aires"]
[Site "Buenos Aires"]
[Date "1992.??.??"]
[Round "?"]
[White "Panno, Oscar"]
[Black "Zarnicki, Pablo"]
[Result "1-0"]
[WhiteElo "2465"]
[BlackElo "2385"]

1.d4 Nf6 2.c4 e6 3.Nf3 b6 4.g3 Ba6 5.b3 Bb4+ 6.Bd2 Be7 7.Bg2 c6 8.Bc3 d5
9.Nbd2 Nbd7 10.O-O O-O 11.Re1 c5 12.e4 dxe4 13.Ng5 cxd4 14.Bxd4 Bb7 15.Ndxe4 Nxe4
16.Nxe4 Qc7 17.Qh5 Rad8 18.Rad1 h6 19.Qe2 Rfe8 20.Qg4 g6 21.Bb2 Kh7 22.Qe2 f5
23.Nc3 Bb4 24.Nb5 Qb8 25.Bxb7 Qxb7 26.Nd6 Bxd6 27.Rxd6 Nc5 28.Red1 Rxd6 29.Rxd6 Ne4
30.Rd3 Ng5 31.h4 Nf7 32.Qd1 Kg8 33.Rd7 Qe4 34.f3 Qe3+ 35.Kg2 e5 36.Bc1 Qc5
37.Rxa7 e4 38.fxe4 fxe4 39.Qd7 Rf8 40.Bxh6 Qh5 41.Bxf8 Qf3+ 42.Kg1  1-0

[Event "Buenos Aires Najdorf qual"]
[Site "Buenos Aires"]
[Date "1992.??.??"]
[Round "1"]
[White "Del Rey, Diego"]
[Black "Markeluk, Sergio"]
[Result "0-1"]
[WhiteElo "2270"]
[BlackElo "2375"]

1.d4 Nf6 2.Nf3 e6 3.c4 b6 4.g3 Ba6 5.Qa4 c5 6.Bg2 Bb7 7.O-O cxd4 8.Nxd4 Bxg2
9.Kxg2 Qc8 10.Nc3 Qb7+ 11.f3 Be7 12.e4 O-O 13.Be3 Rc8 14.Rac1 d6 15.Rfd1 a6
16.Qb3 Nbd7 17.Na4 Rab8 18.Rc2 b5 19.cxb5 Rxc2+ 20.Qxc2 axb5 21.Nc3 b4 22.Ncb5 Rc8
23.Qe2 g6 24.Rc1 Rxc1 25.Bxc1 e5 26.Nb3 d5 27.exd5 Qxd5 28.Be3 Nf8 29.Bg5 Ne6
30.Bxf6 Bxf6 31.Na7 Nd4 32.Qd3 Qb7 33.Nxd4 Qxa7 34.Ne2 Qxa2 35.b3 e4 36.fxe4 Bc3
37.Kh3 Qxb3 38.Nd4 Qa2 39.Ne2 Qd2 40.Qc4 Be5 41.Nc1 Qc3 42.Qxc3 bxc3 43.Kg2 c2  0-1

[Event "Chicago opI"]
[Site "Chicago"]
[Date "1992.??.??"]
[Round "3"]
[White "Bonin, Jay R"]
[Black "Wachtel, Robert"]
[Result "1/2-1/2"]
[WhiteElo "2400"]
[BlackElo "2350"]

1.d4 Nf6 2.c4 e6 3.Nf3 b6 4.g3 Ba6 5.b3 b5 6.cxb5 Bxb5 7.Bg2 c5 8.O-O Bc6
9.Ba3 Na6 10.Nbd2 Be7 11.Rc1 cxd4 12.Bxe7 Qxe7 13.Nc4 O-O 14.Qxd4 Bxf3 15.Bxf3 d5
16.Ne5 Rfc8 17.Nc6 Qd7 18.Qa4 Qb7 19.e3 Rc7 20.Be2 Nb8 21.Na5 Qb6 22.Qa3 Nc6
23.Nxc6 Rxc6 24.Rxc6 Qxc6 25.Rc1 Qb6 26.Qc5 g6 27.Qxb6 axb6 28.a4 Ne4 29.Rc6 Rb8
30.b4 Kf8 31.f3 Nf6 32.Kf2 Ke8 33.Rc7 Kf8 34.Ke1 Ne8 35.Rc6 Ke7 36.Bb5 Rb7
37.Kd2 Nc7 38.Bd3 Kd7 39.Rc1 Ra7 40.Ra1 Kd6 41.h4 h6 42.g4 e5 43.Kc3 Ne6
44.Kb3 Rc7 45.a5 bxa5 46.Rxa5 d4 47.Bc4 dxe3 48.Rd5+ Kc6 49.b5+ Kb7 50.Rxe5 Nd4+
51.Kb4 Nc2+ 52.Kb3 Nd4+ 53.Kb4 Nc2+  1/2-1/2

[Event "CSR-chT"]
[Site "CSR"]
[Date "1992.??.??"]
[Round "?"]
[White "Kupka, Slavoj"]
[Black "Chloupek, Stanislav"]
[Result "1-0"]
[WhiteElo "2375"]
[BlackElo "2300"]

1.d4 Nf6 2.Nf3 e6 3.c4 b6 4.g3 Ba6 5.b3 Bb4+ 6.Bd2 Be7 7.Bg2 c6 8.O-O d5
9.Bc3 Ne4 10.Bb2 Nd7 11.Nbd2 Nxd2 12.Nxd2 f5 13.a4 O-O 14.e3 Rc8 15.Ba3 Bxa3
16.Rxa3 Nf6 17.Re1 Qe7 18.Ra2 Rfd8 19.a5 b5 20.c5 b4 21.Nf3 Ne4 22.Qc2 Nc3
23.Raa1 Rb8 24.Ne5 Qc7 25.f4 Nb5 26.Bf3 Na3 27.Qg2 Bb5 28.g4 Rf8 29.Kh1 Rbd8
30.Rg1 Rf6 31.Ra2 Kh8 32.Qg3 Rg8 33.g5 Rff8 34.Ng6+  1-0

[Event "CSR-chT"]
[Site "CSR"]
[Date "1992.??.??"]
[Round "?"]
[White "Orsag, Milan"]
[Black "Hajek, Michal"]
[Result "1-0"]
[WhiteElo "2415"]
[BlackElo "2315"]

1.d4 Nf6 2.c4 e6 3.Nf3 b6 4.g3 Ba6 5.b3 Bb4+ 6.Bd2 Be7 7.Bg2 c6 8.Bc3 O-O
9.Nbd2 d5 10.O-O Nbd7 11.Re1 Rc8 12.e4 Nxe4 13.Nxe4 dxe4 14.Rxe4 c5 15.dxc5 bxc5
16.Qe1 Bb7 17.Re3 Bxf3 18.Bxf3 Bf6 19.Rd1 Bxc3 20.Qxc3 Qc7 21.Red3 Nf6 22.Qd2 h6
23.Rd6 Nd5 24.Ra6 Nb4 25.Ra4 Rfd8 26.Qe2 Rxd1+ 27.Qxd1 Rd8 28.Qe2 Rd4 29.Be4 f5
30.Bf3 Qe7 31.a3 Nd3 32.Bd5 f4 33.Rxa7 Qxa7 34.Qxe6+ Kh7 35.Qg8+ Kg6 36.Qe8+  1-0

[Event "EU-chT (Men)"]
[Site "Debrecen"]
[Date "1992.??.??"]
[Round "1"]
[White "Yrjola, Jouni"]
[Black "Sax, Gyula"]
[Result "1/2-1/2"]
[WhiteElo "2485"]
[BlackElo "2600"]

1.d4 Nf6 2.c4 e6 3.Nf3 b6 4.g3 Ba6 5.Nbd2 Bb4 6.Qc2 Bb7 7.Bg2 c5 8.dxc5 Bxc5
9.e4 Nc6 10.O-O Qc7 11.a3 Be7 12.b3 O-O 13.Bb2 d6 14.Rac1 Rac8 15.b4 Qb8
16.Qd3 Qa8 17.Rfd1 Rfd8 18.Qe2 Nb8 19.Ne1 Nbd7 20.Nd3  1/2-1/2

[Event "EU-chT (Men)"]
[Site "Debrecen"]
[Date "1992.??.??"]
[Round "2"]
[White "Ruzele, Darius"]
[Black "Vyzmanavin, Alexey"]
[Result "1/2-1/2"]
[WhiteElo "2340"]
[BlackElo "2590"]

1.d4 Nf6 2.c4 e6 3.Nf3 b6 4.g3 Ba6 5.b3 Bb4+ 6.Bd2 Be7 7.Bg2 c6 8.O-O O-O
9.Bc3 d5 10.Ne5 Nfd7 11.Nxd7 Nxd7 12.Nd2 f5 13.Rc1 Rc8 14.Bb2 Nf6 15.Nf3 Ne4
16.Ne5 c5 17.dxc5 bxc5 18.Qc2 Bb7 19.Rfd1 Qe8 20.e3 Qh5 21.f3 Nf6 22.Nd3 Bd6
23.Be5 Bxe5 24.Nxe5 Rfd8 25.Qc3 Qe8 26.Qa5 Qe7 27.Rd2 Rd6 28.Qa3  1/2-1/2

[Event "EU-chT (Men)"]
[Site "Debrecen"]
[Date "1992.??.??"]
[Round "3"]
[White "Dydyshko, Viacheslav"]
[Black "Csom, Istvan"]
[Result "1/2-1/2"]
[WhiteElo "2500"]
[BlackElo "2490"]

1.d4 Nf6 2.c4 e6 3.Nf3 b6 4.g3 Ba6 5.b3 Bb7 6.Bg2 Bb4+ 7.Bd2 a5 8.Nc3 O-O
9.O-O Re8 10.Qc2 h6 11.Bf4 Bxc3 12.Qxc3 d6 13.Ne1 Bxg2 14.Nxg2 Nbd7 15.Rad1 Ra7
16.f3 d5 17.cxd5 Nxd5 18.Qc2 c5 19.dxc5 Qc8 20.Bd6 Nxc5 21.e4 Nb4 22.Qe2 Qa6
23.Qxa6  1/2-1/2

[Event "EU-chT (Men)"]
[Site "Debrecen"]
[Date "1992.??.??"]
[Round "4"]
[White "Zueger, Beat"]
[Black "Berzinsh, Roland"]
[Result "1-0"]
[WhiteElo "2420"]
[BlackElo "2390"]

1.c4 Nf6 2.Nf3 e6 3.d4 b6 4.g3 Ba6 5.b3 Bb4+ 6.Bd2 Be7 7.Bg2 c6 8.Bc3 d5
9.Ne5 Nfd7 10.Nxd7 Nxd7 11.Nd2 O-O 12.O-O b5 13.c5 e5 14.b4 e4 15.Nxe4 dxe4
16.Bxe4 Qc7 17.Bg2 Rad8 18.Qb3 Kh8 19.e4 f5 20.d5 Nxc5 21.bxc5 Bxc5 22.Bb4 Bxb4
23.Qxb4 cxd5 24.Rac1 Qb6 25.exd5 Bb7 26.Rfe1 f4 27.Re6  1-0

[Event "EU-chT (Men)"]
[Site "Debrecen"]
[Date "1992.??.??"]
[Round "4"]
[White "Gheorghiu, Florin"]
[Black "Hjartarson, Johann"]
[Result "1/2-1/2"]
[WhiteElo "2500"]
[BlackElo "2580"]

1.d4 Nf6 2.c4 e6 3.Nf3 b6 4.g3 Ba6 5.b3 Bb4+ 6.Bd2 Be7 7.Nc3 d5 8.cxd5 exd5
9.Bg2 O-O 10.O-O Bb7 11.Rc1 Nbd7 12.Bf4 c6 13.Ne5  1/2-1/2

[Event "EU-chT (Men)"]
[Site "Debrecen"]
[Date "1992.??.??"]
[Round "7"]
[White "Horvath, Jozsef"]
[Black "Olafsson, Helgi"]
[Result "1/2-1/2"]
[WhiteElo "2480"]
[BlackElo "2525"]

1.d4 Nf6 2.c4 e6 3.Nf3 b6 4.g3 Ba6 5.b3 Bb7 6.Bg2 Bb4+ 7.Bd2 a5 8.O-O O-O
9.Nc3 d5 10.cxd5 exd5 11.Qc2 Nbd7 12.Bf4 Qe7 13.Ne5 Nxe5 14.Bxe5 Rfd8 15.Na4 Ne8
16.Nb2 Ba3 17.Nc4 Bd6 18.Bxd6 Nxd6 19.Ne5 c5  1/2-1/2

[Event "Dortmund op-A"]
[Site "Dortmund"]
[Date "1992.??.??"]
[Round "5"]
[White "Grivas, Efstratios"]
[Black "Balashov, Yuri S"]
[Result "1/2-1/2"]
[WhiteElo "2465"]
[BlackElo "2565"]

1.d4 Nf6 2.c4 e6 3.Nf3 b6 4.g3 Ba6 5.Nbd2 Bb4 6.Qc2 Bb7 7.Bg2 Be4 8.Qd1 O-O
9.O-O Bxd2 10.Bxd2 a5 11.Rc1 d6 12.c5 Na6 13.cxd6 cxd6 14.Qa4 Qb8 15.Qa3 h6
16.Rfd1 Rd8 17.Ne1 Bxg2 18.Kxg2 Qb7+ 19.f3  1/2-1/2

[Event "Dortmund op-A"]
[Site "Dortmund"]
[Date "1992.??.??"]
[Round "7"]
[White "Levin, Felix"]
[Black "Dautov, Rustem"]
[Result "1-0"]
[WhiteElo "2445"]
[BlackElo "2610"]

1.d4 Nf6 2.c4 e6 3.Nf3 b6 4.g3 Ba6 5.b3 b5 6.cxb5 Bxb5 7.Nc3 Bb4 8.Bd2 Bc6
9.Bg2 O-O 10.a3 Bxc3 11.Bxc3 a5 12.O-O Be4 13.Qe1 a4 14.b4 Nd5 15.Rc1 f5
16.Ne5 Bxg2 17.Kxg2 d6 18.Nd3 Nd7 19.Bd2 Qf6 20.e3 Rf7 21.Qe2 Raf8 22.f3 Qg6
23.Rc6 Qh5 24.Nf4 Nxf4+ 25.exf4 Nb8 26.Rc2 Re7 27.b5 Qe8 28.Rfc1 Rff7 29.Ba5 e5
30.fxe5 dxe5 31.Bb4 Re6 32.d5 Rb6 33.Rxc7 Rxc7 34.Rxc7 Nd7 35.Qc4 Rb8 36.d6+ Kh8
37.Qc6 Rd8 38.b6 e4 39.b7 exf3+ 40.Qxf3 Qg8 41.Bc3 Qa2+ 42.Kh3 Qe6 43.Rc8 Rg8
44.Qf4 h6 45.Qc4  1-0

[Event "Dortmund op-A"]
[Site "Dortmund"]
[Date "1992.??.??"]
[Round "9"]
[White "Levin, Felix"]
[Black "Razuvaev, Yuri S"]
[Result "1-0"]
[WhiteElo "2445"]
[BlackElo "2575"]

1.d4 Nf6 2.c4 e6 3.Nf3 b6 4.g3 Ba6 5.b3 Bb7 6.Bg2 Bb4+ 7.Bd2 a5 8.O-O O-O
9.Nc3 h6 10.Qc2 d6 11.Rfe1 Bxc3 12.Bxc3 Be4 13.Qd1 Nbd7 14.Bh3 c6 15.Nd2 Bh7
16.e4 d5 17.Bg2 b5 18.e5 Ne8 19.a4 b4 20.Bb2 Nc7 21.Rc1 Rc8 22.f4 Qe7 23.Qe2 Rfd8
24.Rf1 Nb6 25.Kh1 dxc4 26.Nxc4 Nxc4 27.Rxc4 Nd5 28.Rfc1 Qb7 29.Rc5 Qb6 30.Qf2 Ne7
31.g4 Rd7 32.f5 Qd8 33.Be4 Kh8 34.h3 h5 35.Kh2 Ra7 36.Bb1 Rd7 37.f6 Nd5 38.Bxh7 Kxh7
39.Rf1 gxf6 40.exf6 Qf8 41.Qh4 Qh6 42.Bc1 Qg6 43.gxh5 Qd3 44.Rg1 Ne3 45.Qg3 Qe2+
46.Kh1  1-0

[Event "Dortmund op-A"]
[Site "Dortmund"]
[Date "1992.??.??"]
[Round "10"]
[White "Stohl, Igor"]
[Black "Lau, Ralf"]
[Result "1/2-1/2"]
[WhiteElo "2560"]
[BlackElo "2480"]

1.d4 Nf6 2.Nf3 e6 3.c4 b6 4.g3 Ba6 5.b3 Bb7 6.Bg2 Bb4+ 7.Bd2 a5 8.O-O O-O
9.Bc3 Na6 10.Bb2 Be7 11.Nc3 d5 12.Ne5 Re8 13.Rc1 c5 14.dxc5 bxc5 15.Na4 Bf8
16.Nd3 Rc8 17.Bxf6 Qxf6 18.cxd5 exd5 19.Nf4 Rcd8 20.Nc3 Nb4 21.Nfxd5 Bxd5
22.Nxd5 Qe5 23.e4 Nxa2 24.Rc4 Nb4 25.Qa1 Qxa1 26.Rxa1 Nxd5 27.exd5 Re2  1/2-1/2